000 00629nam a2200217Ia 4500
005 20241129105801.0
008 241129s9999||||xx |||||||||||||| ||und||
020 _a978-81-94765-69-1
037 _aTB
040 _aARTS
_beng
_cARTS
041 _aeng
_2eng
084 _aY15-31:7:7 R1
_qARTS
100 _aContractor Tarun
_9724728
245 0 _aRole of education in development of rural women
_cContractor Tarun
260 _aDelhi, India
_bVenus Publications
_c2022
300 _a272p.
365 _aINR
_b1800
650 _aSociologyWomen
_9726364
942 _cTB
_hY15-31:7:7 R1
999 _c1225924
_d1225924